000 00355nam a2200133Ia 4500
008 191206s9999 xx 000 0 und d
020 _a0736052089 (pbk.)
090 _aGV361.S42
245 0 _aSenior physical education
260 _aHuman Kinetics
260 _ccc2004
300 _a"xi, 212 p. : col. ill. ; 30 cm."
999 _c16879
_d16879